Normal view
MARC view
- Irrigarion; Drainage management
Entry Topical Term
001 - CONTROL NUMBER
- control field: 6047
003 - CONTROL NUMBER IDENTIFIER
- control field: OSt
005 - DATE AND TIME OF LATEST TRANSACTION
- control field: 20240216103516.0
008 - FIXED-LENGTH DATA ELEMENTS
- fixed length control field: 240216|| aca||aabn | a|a d
040 ## - CATALOGING SOURCE
- Original cataloging agency: OSt
- Transcribing agency: OSt
150 ## - HEADING--TOPICAL TERM
- Topical term or geographic name as entry element: Irrigarion; Drainage management
670 ## - SOURCE DATA FOUND
- Source citation: Work cat.: (OSt)13967: Yilmaz, Levent 6046, Irrigation and drainage management /, 2012.
